000 00617nam a2200229Ia 4500
003 OSt
005 20221005124351.0
006 a|||||r|||| 00| 0
007 ta
008 221004b |||||||| |||| 00| 0 hin d
024 _a53843
037 _cTextual
040 _aCRL
_cCRL
_bhin
041 _2hin
_ahin
082 _aO152,3MKH,11, 32J9.1-.3
100 _aKhathri Durgaprasad
_9635102
245 0 _aMruthyu kiranam
260 _c1959
650 _aHINDI LITERATURE
_923866
942 _hO152,3MKH,11, 32J9.1-.3
_cTEXL
_2cc
999 _c1050254
_d1050254